[Event "Montreal op U2000"]
[Site "Montreal"]
[Date "2011.09.10"]
[Round "3"]
[White "Medawar, Jean Marc"]
[Black "Duplessis, Jean Roch"]
[Result "1/2-1/2"]
[WhiteElo "1645"]
[BlackElo "1730"]
[PlyCount "72"]
[EventDate "2011.09.09"]
[EventType "swiss"]
[EventRounds "5"]
[EventCountry "CAN"]
[SourceTitle "EXT 2022"]
[Source "ChessBase"]
[SourceDate "2021.10.06"]
[SourceVersion "1"]
[SourceVersionDate "2021.10.06"]
[SourceQuality "1"]

1. d4 d6 2. f4 c5 3. e3 Nf6 4. Nf3 g6 5. c3 cxd4 6. exd4 Bg7 7. Bb5+ Bd7 8. Bxd7+ Nbxd7 9. Qb3 Qb6 10. 0-0 0-0 11. Re1 Rfe8 12. Nbd2 Qxb3 13. axb3 e5 14. fxe5 dxe5 15. dxe5 Ng4 16. e6 Rxe6 17. Rxe6 fxe6 18. Nc4 Bf8 19. h3 Bc5+ 20. Kf1 Ngf6 21. b4 Be7 22. Bg5 Nd5 23. Bxe7 Nxe7 24. Nd6 b6 25. Re1 Nf8 26. Ng5 a5 27. Nxe6 axb4 28. Nc7 Rd8 29. Rxe7 Rxd6 30. cxb4 Rd4 31. b5 Rb4 32. Re2 Nd7 33. Rd2 Nc5 34. Rd6 Na4 35. Rd8+ Kg7 36. Rd7+ Kh6 1/2-1/2

[Event "Quebec-ch U16"]
[Site "Montreal"]
[Date "1987.05.16"]
[Round "2"]
[White "Lavoie, Denis"]
[Black "Medawar, Jean Marc"]
[Result "1-0"]
[WhiteElo "1312"]
[BlackElo "1300"]
[PlyCount "61"]
[EventDate "1987.05.15"]
[EventType "tourn"]
[EventRounds "7"]
[EventCountry "CAN"]
[SourceTitle "EXT 2022"]
[Source "ChessBase"]
[SourceDate "2021.10.06"]
[SourceVersion "1"]
[SourceVersionDate "2021.10.06"]
[SourceQuality "1"]

1. d4 Nf6 2. c4 e6 3. Nf3 d5 4. Nc3 Bb4 5. e3 Bxc3+ 6. bxc3 0-0 7. Be2 Nbd7 8. 0-0 c5 9. Nd2 Qa5 10. Qb3 a6 11. cxd5 Nxd5 12. Bb2 cxd4 13. exd4 N7f6 14. Rfd1 Bd7 15. Nc4 Qc7 16. Ne5 Nf4 17. Bf3 Rab8 18. Nxd7 Nxd7 19. Rac1 e5 20. g3 Nh3+ 21. Kg2 Ng5 22. Bd5 Rfe8 23. dxe5 Nxe5 24. c4 Ng4 25. Qc3 Nf6 26. Re1 h6 27. h4 Ne6 28. Bxe6 fxe6 29. f3 Re7 30. Qb4 Nd7 31. Qxe7 1-0